School library development / (Record no. 132816)
[ view plain ]
| 000 -LEADER | |
|---|---|
| fixed length control field | 00632nam a22002057a 4500 |
| 005 - DATE AND TIME OF LATEST TRANSACTION | |
| control field | 20170124110200.0 |
| 010 ## - LIBRARY OF CONGRESS CONTROL NUMBER | |
| LC control number | A-713896 |
| 020 ## - INTERNATIONAL STANDARD BOOK NUMBER | |
| Terms of availability | 30.00 |
| 035 ## - SYSTEM CONTROL NUMBER | |
| System control number | A-713896 |
| 037 ## - SOURCE OF ACQUISITION | |
| Source of stock number/acquisition | Cen Lib/Ret |
| 040 ## - CATALOGING SOURCE | |
| Original cataloging agency | DPL |
| Language of cataloging | EN |
| 082 ## - DEWEY DECIMAL CLASSIFICATION NUMBER | |
| Classification number | 027.8 |
| Item number | SCH |
| 245 ## - TITLE STATEMENT | |
| Title | School library development / |
| Statement of responsibility, etc | edited by C P Vashishth |
| 260 ## - PUBLICATION, DISTRIBUTION, ETC. (IMPRINT) | |
| Place of publication, distribution, etc | Delhi |
| Name of publisher, distributor, etc | Indian library association |
| Date of publication, distribution, etc | 1986 |
| 270 ## - ADDRESS | |
| City | Delhi |
| Address | A/40-41, Flat no.201 Ansal building Mukhrjee nagar |
| Postal code | 110009 |
| 300 ## - PHYSICAL DESCRIPTION | |
| Extent | ii,64p. |
| Dimensions | 22cm(pbk) |
| 650 ## - SUBJECT ADDED ENTRY--TOPICAL TERM | |
| Topical term or geographic name as entry element | Library and information science |
| 9 (RLIN) | 73357 |
| 650 ## - SUBJECT ADDED ENTRY--TOPICAL TERM | |
| Topical term or geographic name as entry element | School library |
| 9 (RLIN) | 35826 |
| 942 ## - ADDED ENTRY ELEMENTS (KOHA) | |
| Source of classification or shelving scheme | Dewey Decimal Classification |
| Koha item type | English Books |
| Classification part | 027.8 |
| Call number suffix | SCH |
| Withdrawn status | Lost status | Damaged status | Not for loan | Home library | Current library | Date acquired | Source of acquisition | Cost, normal purchase price | Total Checkouts | Total Renewals | Full call number | Barcode | Date last seen | Date checked out | Copy number | Cost, replacement price | Price effective from | Koha item type |
|---|---|---|---|---|---|---|---|---|---|---|---|---|---|---|---|---|---|---|
| Central Library | Central Library | 23/07/2015 | Cen Lib/Ret | 30.00 | 3 | 3 | 027.8 SCH | A-713896 | 08/05/2026 | 16/04/2026 | 1 | 30.00 | 23/07/2015 | English Books |
